| 000 | 00502nam a2200181Ia 4500 | ||
|---|---|---|---|
| 005 | 20260427123446.0 | ||
| 008 | 231207s9999 xx 000 0 und d | ||
| 020 | _a9789698042004 | ||
| 040 | _cPK-LaNCA | ||
| 082 |
_a080 _bSPE |
||
| 100 | _aKhurshid Ahmad Khan Yusufi | ||
| 245 | 0 | _aSpeeches statements and messages of the Quaid-e-Azam | |
| 260 |
_bBazm-e-Iqbal _aLahore _c1996 |
||
| 300 | _a4 Vol Set | ||
| 546 | _aEnglish | ||
| 650 | _aQuaid e Azam, 1876-1948--Speeches. Massages. | ||
| 942 | _cBK | ||
| 999 |
_c15767 _d15767 |
||